000 00218nam a22000977a 4500
003 OSt
008 210122b ||||| |||| 00| 0 eng d
082 _a621.3012
_bMAC/EL
245 _aElectricity in the house
942 _cBK
999 _c16862
_d16862